000 00227nam a2200097Ia 4500
001 682318
005 20250826161417.0
008 250824s9999 xx 000 0 und d
245 0 _aTUTSAK GÜNEŞ
_cAYŞE KULİN
260 _bEVEREST
999 _c682318
_d682318